The concept of equity in Sukraniti and Arthasastra : (Record no. 97546)

MARC details
000 -LEADER
fixed length control field 00808nam a22002177a 4500
005 - DATE AND TIME OF LATEST TRANSACTION
control field 20151126145535.0
010 ## - LCCN (DPL NO)
LC control number ENG-114181
020 ## - INTERNATIONAL STANDARD BOOK NUMBER
International Standard Book Number 9788179860892
Terms of availability 495.00
035 ## - SYSTEM CONTROL NUMBER
System control number EN-97713
037 ## - SOURCE OF ACQUISITION
Stock number DBAD/PUB
082 ## - DEWEY DECIMAL CLASSIFICATION NUMBER
Classification number 320.954
100 ## - MAIN ENTRY--PERSONAL NAME
Personal name Sharma, T.R.
245 ## - TITLE STATEMENT
Title The concept of equity in Sukraniti and Arthasastra :
Statement of responsibility, etc by T.R. Sharma
Remainder of title a comparative study /
260 ## - PUBLICATION, DISTRIBUTION, ETC. (IMPRINT)
Place of publication, distribution, etc Shimla
Name of publisher, distributor, etc Indian Institute of Advanced Study
Date of publication, distribution, etc 2011
270 ## - ADDRESS
Address Rashtrapati Nivas,
City Shimla
Postal code 171005
300 ## - PHYSICAL DESCRIPTION
Extent xii,212p.
Dimensions 22cm(Hb)
500 ## - GENERAL NOTE
General note Includes bibliographical references and indexes
520 ## - SUMMARY, ETC.
Summary, etc Study based on Śukranītī of Śukra and Arthaśāstra of Kauṭalya, works on ancient India polity.
710 ## - ADDED ENTRY--CORPORATE NAME
Corporate name or jurisdiction name as entry element Indian Institute of Advanced Study.
942 ## - ADDED ENTRY ELEMENTS (KOHA)
Source of classification or shelving scheme Dewey Decimal Classification
Item type English Books
Call number suffix SHA
Classification part 320.954
Holdings
Withdrawn status Lost status Not for loan Collection code Home library Current library Date acquired Source of acquisition Cost, normal purchase price Full call number Barcode Copy number Cost, replacement price Koha item type
    Not For Loan Non-fiction D.B.Act.Division D.B.Act.Division 29/09/2015 DBAD/PUB 495.00 320.954 SHA EN-97713 1 495.00 English Books

© Delhi Public Library
Hit Counter
free hit counter